Click Those Born in the USA Quiz Stats

 Plays Quiz Updated Aug 29, 2017

Challenge
Share
Tweet
Embed
Score 0/25 Timer 04:00
13 Plays Today
% Correct
Miley Cyrus
84.7%
Taylor Swift
84.1%
Bruce Springsteen
82.4%
Lady Gaga
77.4%
Jennifer Hudson
77%
Mariah Carey
74.9%
Jon Bon Jovi
74.8%
Meryl Streep
74%
Jack Black
73.9%
Alicia Keys
71.5%
Usher
71.1%
Vince Vaughn
70.7%
Tyra Banks
69.6%
% Correct
John Legend
66.7%
Jennifer Lopez
66.3%
Katie Couric
65.7%
Kristen Bell
64.9%
Harry Connick, Jr.
64.4%
Paul Rudd
64.1%
Jim Henson
61.7%
Julianne Moore
59.5%
Demi Lovato
59.2%
Norman Rockwell
58.1%
Tommy Hilfiger
47.8%
Jessica Chastain
46.9%

You're not logged in!

Compare scores with friends on all Sporcle quizzes.
Join for Free
OR
Log In

You Might Also Like...

Show Comments

Extras

Top Quizzes Today


Score Distribution

Your Account Isn't Verified!

In order to create a playlist on Sporcle, you need to verify the email address you used during registration. Go to your Sporcle Settings to finish the process.

Report this User

Report this user for behavior that violates our Community Guidelines.

Details: